| 000 | 00546aam a2200205 4500 | ||
|---|---|---|---|
| 005 | 20170111144035.0 | ||
| 008 | 150603b xxu||||| |||| 00| 0 spa d | ||
| 041 | _aspa | ||
| 082 | _a345.05 C591p | ||
| 100 |
_aClaria Olmedo, Jorge A _936181 |
||
| 245 | _aEl proceso penal: su génesis y primeras críticas juridiccionales | ||
| 250 | _a2 edición | ||
| 260 | _aArgentina | ||
| 260 | _bEdiciones Depalma | ||
| 260 | _c1994 | ||
| 300 | _a400 páginas | ||
| 650 |
_aDERECHO PROCESAL _936182 |
||
| 650 |
_aDERECHO PENAL _936183 |
||
| 942 | _cBK | ||
| 999 |
_c6185 _d6185 |
||